| 000 | 00901nam a2200217 a 4500 | ||
|---|---|---|---|
| 999 |
_c10748 _d10748 |
||
| 001 | 10748 | ||
| 003 | BD-JhCC | ||
| 005 | 20220803134024.0 | ||
| 008 | 180903s20172013bg |||| |||| 000 0 mul d | ||
| 020 | _a978984899171 | ||
| 035 | _a(BD-JhCC)10748 | ||
| 040 |
_aBD-JhCC _dBD-JhCC |
||
| 041 | _aBengali and Arabic | ||
| 082 |
_a297.122521 _bHOS 2017 |
||
| 100 | _aহোসেন, প্রকৌশলী মইনুল | ||
| 245 |
_aনূরানী পদ্ধতিতে ২৭ ঘন্টায় কুরআন শিক্ষা : _bবাংলা উচ্চারণ ও শূণ্যস্থান পূরণসহ / _cপ্রকৌশলী মইনুল হোসেন, |
||
| 260 |
_aঢাকা : _bমীনা বুক হাউস, _c২০১৭. |
||
| 300 |
_a২৪৮ পৃ. : _c২৫ সেমি. |
||
| 650 |
_aAl Qruan _xLearning |
||
| 942 |
_2ddc _cBK _016 |
||